| 000 | 00357nam a2200133Ia 4500 | ||
|---|---|---|---|
| 008 | 240624s9999 xx 000 0 und d | ||
| 041 | _aeng | ||
| 082 | _a658.812 GRI | ||
| 100 | _aGRIFFIN JACK | ||
| 245 | _aHOW TO SAY IT CREATING COMPLETE CUSTOMER | ||
| 260 |
_c2013 _aNew Delhi _bPrentice Hall Press |
||
| 300 | _ax, : 260 : p. : cm. ; 23 | ||
| 365 |
_c _b38 |
||
| 999 |
_c28273 _d28273 |
||